<A> Microeconomic Aspects and Consequences of Price Development in the V4 Countries

Pohľad na vývoj jednotkových cien a úrokových sadzieb v krajinách V4 a na Slovensku z prihliadnutím na infláciu a defláciu

Guardado en:
Detalles Bibliográficos
Autor principal: Novák, Marcel, 1979-
Formato: Capítulo de libro
Lenguaje:inglés
Materias:
Etiquetas: Agregar Etiqueta
Sin Etiquetas, Sea el primero en etiquetar este registro!

MARC

LEADER 00000naa$a2200000$$$4500
001 0250053
005 20240604104231.9
041 0 |a eng 
044 |a CZ 
245 1 0 |a <A> Microeconomic Aspects and Consequences of Price Development in the V4 Countries  |c Marcel Novák 
520 |a Pohľad na vývoj jednotkových cien a úrokových sadzieb v krajinách V4 a na Slovensku z prihliadnutím na infláciu a defláciu 
610 2 0 |a ceny jednotkové 
610 2 0 |a inflácia 
610 2 0 |a Vyšehradská štvorka 
610 2 0 |a vývoj menový 
610 2 0 |a platy 
610 2 0 |a zadlženosť vnútorná 
610 2 0 |a sadzby úrokové 
610 2 0 |a Slovensko 
100 1 |a Novák, Marcel, 1979-